000 00890nam a2200217Ii 4500
003 JO-AjNU
008 230605s9999||||xx |||||||||||||| ||und||
017 _a2011/9341
020 _a978-977-04-6736-4
040 _aJO-AjNU
_bara
_erda
_cJO-AjNU
041 _aara
050 1 4 _aKMM404.5.2011
100 3 _aمحمود ، أحمد عبدالله محمد ,
_eauthor
_934316
245 0 0 _aالجريمة ضد الإنسانية : دراسة فلسفية تاريخية مقارنة بين الشرائع القديمة والشريعة الإسلامية والقانون الوضعي
250 _a(د،ط)
264 3 1 _aالقاهرة : دار النهضة العربية ، 2011
300 _a445ص
_bيشتمل على مراجع ببلوغرافية ص ( 402 - 434 )
336 _atext
_btxt
_2rdacontent
337 _aunmediated
_bn
_2rdamedia
338 _avolume
_bnc
_2rdacarrier
999 _aA14056
_c17624
_d17624